| 000 | 01896cam a22003255i 4500 | ||
|---|---|---|---|
| 999 |
_c21647 _d21619 |
||
| 001 | 017601652 | ||
| 003 | EG-ScBUE | ||
| 005 | 20200203133753.0 | ||
| 008 | 150916s2016 enka f b f001 0 eng d | ||
| 020 | _a9780199658770 (pbk.) | ||
| 040 |
_aStDuBDS _beng _erda _cStDuBDS _dEG-ScBUE |
||
| 082 | 0 | 4 |
_a809.204 _bSHE _222 |
| 100 | 1 |
_aShepherd-Barr, Kirsten, _d1966- _eauthor. _939848 |
|
| 245 | 1 | 0 |
_aModern drama : _ba very short introduction / _cKirsten E. Shepherd-Barr. |
| 250 | _aFirst edition. | ||
| 264 | 1 |
_aOxford : _bOxford University Press, _c2016. |
|
| 300 |
_a136 pages : _billustrations (black and white) ; _c18 cm. |
||
| 336 |
_atext _btxt _2rdacontent |
||
| 337 |
_aunmediated _bn _2rdamedia |
||
| 338 |
_avolume _bnc _2rdacarrier |
||
| 490 | 0 |
_aVery short introductions ; _v458 |
|
| 504 | _aIncludes bibliographical references and index. | ||
| 520 | _a"The story of modern drama is a tale of extremes, testing both audiences and actors to their limits through hostility and unpredictability. It is a truly international phenomenon, encompassing works by playwrights such as Ibsen, Chekhov, Shaw, Miller, Beckett, and Churchill, which are vibrant and diverse in both text and performance. This Very Short Introduction explores the major developments of modern drama from 1880 to the present. Ranging from early modernist theatre through post-war developments to more recent and contemporary theatre, Shepherd-Barr tracks the emergence of new theories from the likes of Stanislavsky, Brecht, and Grotowski alongside groundbreaking productions to illuminate the fascinating evolution of modern drama" | ||
| 650 | 7 |
_aDrama _y20th century _xHistory and criticism. _2BUEsh _930822 |
|
| 650 | 7 |
_aDrama _y21st century _xHistory and criticism. _2BUEsh |
|
| 650 | 7 |
_aTheater _y20th century _xHistory and criticism. _2BUEsh |
|
| 651 | _2BUEsh | ||
| 653 |
_bHHUUEENN _cApril2016 |
||
| 942 |
_2ddc _cBB |
||